000 00660nam a2200181 4500
001 118331
003 ES-MaACL
005 20250823063103.0
007 t|
008 070214n19351945sp r ||||1| spa d
100 1 _aPardo, Luis,
_d1897-1958
_989001
245 1 0 _aAstacicultura elemental
_b: el cangrejo : cultivo, pesca y comercio /
_cpor Luis Pardo.
260 _aMadrid :
_bMinisterio de Agricultura, Sección de Publicaciones, Prensa y Propaganda,
_c[19__?]
300 _a174 p. :
_bil. ;
_c16 cm +
_e3 gráf. pleg.
710 1 _aEspaña.
_bMinisterio de Agricultura.
_93837
852 _aES-MaACL
_jD-7515
_bR.29751
999 _c118331
_d118331